000 07539namaa2200433 i 4500
003 OSt
005 20250223033036.0
008 230522s2022 ua a frm 000 arand d
040 _aEG-GICUC
_bara
_cEG-GICUC
_dEG-GICUC
_erda
041 0 _aara
_bara
_beng
043 _af-ua---
049 _aإيداع
082 0 4 _a353.460962
_221
092 0 4 _a353.460962
_221
097 _aمــــاجستير
099 _aCai01.14.02.M.Sc.2022.من.ف.
100 0 _aمنى عاصم أحمد الدسوقي،
_eإعداد.
245 1 2 _aالفساد الإداري فى مصر القديمة منذ الدولة الحديثة وحتي نهاية الأسرة الثلاثين /
_c[إعداد] منى عاصم أحمد الدسوقي ؛ إشراف حسين محمد ربيع، خالد غريب شاهين.
246 1 5 _aadministrative corruption in ancient egypt from the new kingdom to the end of the thirtieth dynasty.
264 0 _c2022
300 _a344 صفحة :
_bايضاحيات؛
_c30 cm.
_e+ CD
336 _2rda content
_atext
337 _2rdamedia
_aUnmediated
338 _2rdacarrier
_avolume
502 _aأطروحة (ماجستر)-جامعة القاهرة، 2022.
504 _aببليوجرافيا: صفحات. 328-342.
520 _aتلقي هذه الدراسة الضوء على بعض ما وصلنا من صور الفساد الإداري في مصر القديمة خلال واحد من أهم عصورها وأكثرها زخماً منذ بداية الدولة الحديثة وحتى نهاية الأسرة الثلاثين، نظراً لأثره الواضح فى تاريخ مجتمعها القديم على الوضع الاقتصادي والاجتماعي للأفراد، ففي خضم الثورات والانقسامات السياسية والاحتلال المصحوبة عادة بأزمات اقتصادية حادة، كان المصري البسيط يلهث وراء توفير قوت يومه وحماية أسرته من الموت جوعاً، فاتخذ إلى ذلك كل السبل، ضارباً بعرض الحائط كل ما نعرفه عن عالم قدماء المصريين من مثالية وخوف من غضب الآلهة ومن آخرة في الجحيم. وفي العصر المتأخر للأسرات المصرية لعب الفساد الإداري دوراً كبيراً في تصاعد وتيرة الأحداث السياسية التى أدت إلى ضعف الدولة المصرية وتعرضها لهجمات خارجية متتالية حتى سقوطها في قبضة الاحتلال الأجنبي وانتهاء حكم الملوك المصريين إلى الأبد. وتنقسم الدراسة إلى مقدمة، وتمهيد، وأربعة فصول، كما يلي: الفصل الأول: ”الكلمات والتعبيرات الدالة على الفساد الإداري” ويتناول الكلمات والتعبيرات التي استخدمها المصري القديم في نصوص الفترة محل الدراسة للتعبير عن مظاهر وأنواع الفساد الإداري، وأيضاً العقوبات المتعلقة بمختلف تلك الجرائم. الفصل الثاني: ”عوامل انتشار الفساد الإداري”، ويتعلق بتحليل الأسباب والعوامل التي تسببت في الفساد الإداري، من عوامل سياسية، واقتصادية، وإدارية، واجتماعية. الفصل الثالث: ”مظاهر الفساد الإداري من خلال النصوص والمصادر” ويحتوي على النصوص التي سجلت مختلف مظاهر الفساد الإداري في الفترة محل الدراسة، من رشوة، واختلاس، وتزوير، وسرقة أموال الدولة، وسوء استغلال الوظيفة، ومحسوبية. الفصل الرابع: ”سبل مواجهة الفساد الإداري”، ويتناول الطرق التي حاول بها الملوك في مصر القديمة ردع المجرمين والفاسدين ومنع جرائمهم أو الحد منها، عن طريق المراسيم الملكية ومراسيم الوحي الإلهي، وحملات التفتيش على إدارات الحسابات الحكومية ومخازن الدولة، والتعليمات الموجهة للكهنة والموظفين، ومختلف أنواع العقوبات التي تراوحت بين السجن، والجلد، والإعدام حسب نوع الجريمة ودرجة خطورتها. وتنتهي الدراسة بخاتمة تعرض فيها الباحثة أهم ما توصلت إليه من نتائج، ثم قوائم المراجع، ثم ملاحق الجداول والأشكال.
520 _aThis study sheds light on some of the forms of administrative corruption in ancient Egypt since the beginning of the New Kingdom until the end of the Thirtieth Dynasty, given its clear impact in the history of its ancient society on the economic and social situation of individuals. The study is divided into an introduction, a preface, and four chapters, as follows: The first chapter: ”Words and Expressions Indicating Administrative Corruption” deals with the words and expressions used by the ancient Egyptian in the texts of the period under study to express the manifestations and types of administrative corruption, as well as the penalties related to these various crimes. Chapter Two: ”Factors of the Spread of Administrative Corruption”, and relates to the analysis of the causes and factors that caused administrative corruption, including political, economic, administrative and social factors. Chapter Three: ”Manifestations of Administrative Corruption Through Texts and Sources” It contains texts that recorded various manifestations of administrative corruption in the period under study, such as bribery, embezzlement, forgery, theft of state funds, abuse of position, and nepotism. Chapter Four: “Means of Confronting Administrative Corruption”, and deals with the ways in which kings in ancient Egypt tried to deter criminals and corrupt people and prevent or limit their crimes, through royal decrees and divine revelation decrees, and inspection campaigns on government account departments and state stores, and instructions directed to priests and employees, And the various types of punishments, which ranged from imprisonment, flogging, and execution, according to the type of crime and its degree of seriousness. The study ends with a conclusion in which the researcher presents the most important results she has reached through studying this topic, followed by the lists of references and the illustrations appendix
530 _aصدر أيضًا كقرص مدمج.
546 _aالنص بالعربية والملخص بالإنجليزية.
650 7 _aالفساد الإدارى
_21
_zمصر.
653 _aفساد.
_aرشوة.
_aاختلاس.
700 0 _aخالد غريب شاهين.
_eمشرف أطروحة.
700 0 _aحسين محمد ربيع،
_eمشرف أطروحة.
856 _uhttp://172.23.153.220/th.pdf
900 _b01-01-2022
_cخالد غريب شاهين.
_cحسين محمد ربيع،
_dمحمد صلاح الخولي.
_dمنى أبو المعاطي النادي.
_dأحمد حمدي عبد المنعم.
_Uجامعة القاهرة.
_Fكلية الآثار.
_Dقسم الآثار المصرية.
905 _aMohamady
_eNadia
942 _cTH
_2ddc
999 _c162571
_d162571